Score 0/21 Timer 04:00
0 Plays Today
% Correct
Kermit
98.2%
Miss Piggy
96.7%
Animal
80.9%
Fozzie Bear
80.3%
Gonzo
76%
Beaker
75.9%
Swedish Chef
68.7%
Dr. Bunsen Honeydew
48.3%
Waldorf
47.2%
Sam the Eagle
46.4%
Rizzo
43.4%
% Correct
Statler
43.1%
Scooter
41.7%
Rowlf
39.9%
Dr. Teeth
39.2%
Janice
30.5%
Camilla
23.7%
Zoot
20.7%
Floyd Pepper
20.4%
Lew Zealand
13.1%
Link Hogthrob
11.7%
Remove Ads.
Support Sporcle.
Get the best of Sporcle when you Go Orange. This ad-free experience offers more features, more stats, and more fun while also helping to support Sporcle. Thank you for becoming a member.

You're not logged in!

Compare scores with friends on all Sporcle quizzes.
OR
Log In

Show Comments

Extras

Top Quizzes Today


Score Distribution

Your Account Isn't Verified!

In order to create a playlist on Sporcle, you need to verify the email address you used during registration. Go to your Sporcle Settings to finish the process.

Report this User

Report this user for behavior that violates our Community Guidelines.

Details: